000 00344nam a2200133Ia 4500
008 240624s9999 xx 000 0 und d
041 _aeng
082 _a006.7 KRU
100 _aKRUTZ RONALD L
245 _aCLOUD SECURITY A COMPREHENSIVE GUIDE TO
260 _c2010
_aNew Delhi
_bWiley
300 _axxvi, : 358p. : cm. ; 23
365 _cRS
_b31
999 _c23033
_d23033